Propuesta de plan de mejora de la gestión del Talento Humano en el área de producción de la empresa MUEBLETEX S.A.
Presenta una propuesta de mejoramiento a la gestión del talento, lo que resultará en un mejoramiento de la relación empresa-trabajador, aumento de la productividad, disminución de costos adicionales en la producción. Como consecuencia positiva, la mejora en la gestión, contribuirá a la mejora...
| Main Authors: | , , |
|---|---|
| Other Authors: | |
| Format: | Tesis Section = Libro |
| Language: | Undetermined Spanish |
| Published: |
Managua
UNI
2016
|
| Subjects: |
| LEADER | 01449nam a2200313Ia 4500 | ||
|---|---|---|---|
| 008 | 240830s9999 xx 000 0 und d | ||
| 040 | |a BIBLIOTECA-RUPAP T.Mon 658.4012 C352 | ||
| 041 | |a spa | ||
| 082 | |a T.Mon 658.4012 C352 | ||
| 100 | 1 | |a Castilblanco Campos, Marvin | |
| 100 | 1 | |b Rodríguez Orozco, Joselyn. | |
| 100 | 1 | |c Morales Aburto, Luis Carlos | |
| 245 | 1 | 0 | |a Propuesta de plan de mejora de la gestión del Talento Humano en el área de producción de la empresa MUEBLETEX S.A. |
| 260 | |a Managua |b UNI |c 2016 | ||
| 300 | |a 75p. :il. | ||
| 500 | |a Contiene: anexos y CD. | ||
| 502 | |a Tesis (Ingeniero de Sistemas)- UNI, 2016. | ||
| 520 | 3 | |a Presenta una propuesta de mejoramiento a la gestión del talento, lo que resultará en un mejoramiento de la relación empresa-trabajador, aumento de la productividad, disminución de costos adicionales en la producción. Como consecuencia positiva, la mejora en la gestión, contribuirá a la mejora del clima laboral y los trabajadores serán los más beneficiados al sentirse integrados a los objetivos de la empresa. | |
| 650 | 7 | |a PLANIFICACION EMPRESARIAL | |
| 650 | 7 | |b AMBIENTE DE TRABAJO | |
| 650 | 7 | |c CLIMA ORGANIZACIONAL | |
| 650 | 7 | |d RELACIONES LABORALES | |
| 650 | 7 | |e TALENTO HUMANO | |
| 650 | 7 | |f FICHA OCUPACIONAL | |
| 650 | 7 | |g EVALUACION AL DESEMPEÑO | |
| 700 | 1 | |a Tutor: |b Sánchez Munguía, Marvin René | |
| 942 | |c BK |2 ddc | ||
| 991 | |a TESIS | ||
| 999 | |c 18570 | ||